Colombia: términos de intercambio y fluctuaciones de la producción /
En este artículo se explora la incidencia de los términos de intercambio en las fluctuaciones de la producción en Colombia, economía cuyos principales productos de exportación son el petróleo, carbón, café y níquel. Desarrollando un análisis de series de tiempo durante el período 1994-2011, utilizan...
שמור ב:
| מחבר ראשי: | |
|---|---|
| פורמט: | Texto |
| נושאים: | |
| תגים: |
הוספת תג
אין תגיות, היה/י הראשונ/ה לתייג את הרשומה!
|
MARC
| LEADER | 00000 a a2200000 04500 | ||
|---|---|---|---|
| 001 | 46078 | ||
| 003 | |||
| 040 | |||
| 100 | |a Hernández, Gonzalo | ||
| 245 | |a Colombia: |b términos de intercambio y fluctuaciones de la producción / |c Gonzalo Hernández | ||
| 520 | |a En este artículo se explora la incidencia de los términos de intercambio en las fluctuaciones de la producción en Colombia, economía cuyos principales productos de exportación son el petróleo, carbón, café y níquel. Desarrollando un análisis de series de tiempo durante el período 1994-2011, utilizando un modelo ARMA, se concluye que alrededor de un tercio del crecimiento trimestral de la economía colombiana es atribuible a variaciones de los términos de intercambio. | ||
| 590 | |a RRH/ABRIL2014 | ||
| 650 | |a 1.CRECIMIENTO ECONOMICO | ||
| 650 | |a 2.COMERCIO INTERNACIONAL | ||
| 650 | |a 3.EXPORTACIONES | ||
| 650 | |a 4.TERMINOS DE INTERCAMBIO | ||
| 650 | |a 5.TIPO DE CAMBIO | ||
| 650 | |a 6.TASA DE INTERES | ||
| 650 | |a 7.COLOMBIA | ||
| 773 | |g número110 ( , 2013), páginas 113-136 : tablas, gráficos | ||
| 999 | |c 29920 |d 29920 | ||
